Das Papier ; Zeitschrift fur die Erzeugung von Holzstoff, Zellstoff, Papier und Pappe, chemische Technologie der Cellulose.

Bibliographic Details
Corporate Author: Papiermacherberufsgenossenschaft
Format: Journal
Language:German
Published: Darmstadt : E. Roether.
Subjects:
Online Availability: Check for online availability

MARC

Tag First Indicator Second Indicator Subfields
LEADER 00000cas a2200000 4500
001 in00000045494
005 20151007073118.0
008 751101c19479999gw mr p 0uuub0ger d
022 |a 0031-1340 
035 |a (OCoLC)01780675 
035 |9 AAE9146AM 
040 |a MUL  |c MUL  |d UCU  |d TXA  |d UtOrBLW 
049 |a TXAE 
090 |a TS1080  |b .P286 
245 0 4 |a Das Papier ;  |b Zeitschrift fur die Erzeugung von Holzstoff, Zellstoff, Papier und Pappe, chemische Technologie der Cellulose. 
264 1 |a Darmstadt :  |b E. Roether. 
300 |a  volumes :  |b illustrations  |a monthly. 
336 |a text  |b txt  |2 rdacontent 
337 |a unmediated  |b n  |2 rdamedia 
338 |a volume  |b nc  |2 rdacarrier 
362 0 |a 1.- Jahrg.; Juli 1947- 
550 |a "Zeitschrift des Vereins der Zellstoff- und Papier-Chemiker und -Ingenieure (Verein Zellcheming); Gemeinschaftsorgan der deutsche Zellstoff- und Papierfachverbande (formerly Papierfachverbande in den deutschen Westzonen); Amtliches Organ der Papiermacherberufsgenossenschaft." 
650 0 |a Paper industry  |v Periodicals. 
710 2 |a Papiermacherberufsgenossenschaft. 
999 |a MARS 
999 f f |s 45699342-5f58-3eff-ac21-62b8c5fe282e  |i 7cea2872-c3a7-35af-8a58-0250860ca8f8  |t 0 
952 f f |p ric  |a Texas A&M University  |b Rellis Campus  |c Joint Library Facility  |d Remote Storage  |t 0  |e TS1080 .P286  |h Library of Congress classification  |i unmediated -- volume  |k 29 Jahrg.:Nr.10A  |l 1975:Okt.  |m A14841192041 
952 f f |p ric  |a Texas A&M University  |b Rellis Campus  |c Joint Library Facility  |d Remote Storage  |t 0  |e TS1080 .P286  |h Library of Congress classification  |i unmediated -- volume  |k 29 Jahrg.:Nr.9-12  |l 1975:Sept.-Dez.  |m A14841192033 
952 f f |p ric  |a Texas A&M University  |b Rellis Campus  |c Joint Library Facility  |d Remote Storage  |t 0  |e TS1080 .P286  |h Library of Congress classification  |i unmediated -- volume  |k 29 Jahrg.:Nr.1-4  |l 1975:Jan.-Apr.  |m A14841192067 
952 f f |p ric  |a Texas A&M University  |b Rellis Campus  |c Joint Library Facility  |d Remote Storage  |t 0  |e TS1080 .P286  |h Library of Congress classification  |i unmediated -- volume  |k 30 Jahrg.:Nr.1-8  |l 1976:Jan.-Aug.  |m A14841192025 
952 f f |p ric  |a Texas A&M University  |b Rellis Campus  |c Joint Library Facility  |d Remote Storage  |t 0  |e TS1080 .P286  |h Library of Congress classification  |i unmediated -- volume  |k 28 Jahrg.:Nr.10-12  |l 1974:Okt.-Dez.  |m A14841192075 
952 f f |p ric  |a Texas A&M University  |b Rellis Campus  |c Joint Library Facility  |d Remote Storage  |t 0  |e TS1080 .P286  |h Library of Congress classification  |i unmediated -- volume  |k 28 Jahrg.:Nr.1-5  |l 1974:Jan.-Mai  |m A14841191922 
952 f f |p ric  |a Texas A&M University  |b Rellis Campus  |c Joint Library Facility  |d Remote Storage  |t 0  |e TS1080 .P286  |h Library of Congress classification  |i unmediated -- volume  |k 29 Jahrg.:Nr.5-8  |l 1975:Mai-Aug.  |m A14841192059 
952 f f |p ric  |a Texas A&M University  |b Rellis Campus  |c Joint Library Facility  |d Remote Storage  |t 0  |e TS1080 .P286  |h Library of Congress classification  |i unmediated -- volume  |k 30 Jahrg.:Nr.9-12  |l 1976:Sept.-Dez.  |m A14841192017 
952 f f |p ric  |a Texas A&M University  |b Rellis Campus  |c Joint Library Facility  |d Remote Storage  |t 0  |e TS1080 .P286  |h Library of Congress classification  |i unmediated -- volume  |k 28 Jahrg.:Nr.6-9  |l 1974:Juni-Sept.  |m A14841192083 
998 f f |a TS1080 .P286  |s 28 Jahrg. (1974)-30 Jahrg. (1976)  |t 0  |l Remote Storage